Villes des Bouches-du-Rhône par arrondissement - Statistiques

Statistiques générales
  • Ce quiz a été pris 105 fois
  • Le résultat moyen est 12 sur 20
Statistiques - réponses
Ville Population % Correct
Aix-en-Provence 147 478
95%
Marseille 873 076
93%
Istres 44 577
90%
Arles 50 415
88%
Martigues 48 568
88%
Aubagne 47 342
85%
Marignane 33 003
74%
La Ciotat 36 987
73%
Salon-de-Provence 44 731
73%
Vitrolles 35 532
70%
Gardanne 21 174
56%
Allauch 21 490
53%
Miramas 26 405
52%
Bouc-Bel-Air 15 248
45%
Tarascon 15 423
40%
Les Pennes-Mirabeau 22 161
38%
Saint-Rémy-de-Provence 9 619
31%
Châteaurenard 16 669
28%
Saint-Martin-de-Crau 13 729
26%
Auriol 12 839
16%
Aucun quiz correspondant
Distribution des résultats
% des personnes avec chaque résultat
Percentile par nombre de réponses
Votre historique - résultats
Vous n’avez pas pris ce quiz